Astronomy and astrophysics abstracts 1987 (Record no. 9364)

MARC details
000 -LEADER
fixed length control field 00668nam a2200205Ia 4500
003 - CONTROL NUMBER IDENTIFIER
control field IN-BaIIA
008 - FIXED-LENGTH DATA ELEMENTS--GENERAL INFORMATION
fixed length control field 211028s9999 xx 000 0 eng d
020 ## - INTERNATIONAL STANDARD BOOK NUMBER
International Standard Book Number 3-540-19283-2
040 ## - CATALOGING SOURCE
Transcribing agency IIA Library
080 ## - UNIVERSAL DECIMAL CLASSIFICATION NUMBER
Universal Decimal Classification number 048.1:52
Item number AAA-44
100 ## - MAIN ENTRY--PERSONAL NAME
Personal name Esser, U.
9 (RLIN) 9455
245 #0 - TITLE STATEMENT
Title Astronomy and astrophysics abstracts 1987
Remainder of title vol. 44, pt. 2
Statement of responsibility, etc. U. Esser…[et al.]
260 ## - PUBLICATION, DISTRIBUTION, ETC.
Place of publication, distribution, etc. Berlin
Name of publisher, distributor, etc. Springer-Verlag
Date of publication, distribution, etc. 1988
300 ## - PHYSICAL DESCRIPTION
Extent xii,1100p.
650 ## - SUBJECT ADDED ENTRY--TOPICAL TERM
Topical term or geographic name entry element Abstracts-Astronomy and Astrophysics
9 (RLIN) 6051
650 ## - SUBJECT ADDED ENTRY--TOPICAL TERM
Topical term or geographic name entry element Astronomy and Astrophysics Thesaurus
700 ## - ADDED ENTRY--PERSONAL NAME
Personal name Hefele, H
9 (RLIN) 9915
700 ## - ADDED ENTRY--PERSONAL NAME
Personal name Heinrich, I.
9 (RLIN) 9916
942 ## - ADDED ENTRY ELEMENTS (KOHA)
Koha item type Books
Holdings
Withdrawn status Lost status Damaged status Not for loan Home library Current library Shelving location Date acquired Total Checkouts Full call number Barcode Date last seen Price effective from Koha item type
        IIA Library-Bangalore IIA Library-Kavalur General Stacks     048.1:52/AAA-44 10274 05/11/2021   Books

Powered by Koha